Statistiques concernant Films se déroulant à Saint-Tropez par images

Cliquez ici pour prendre le quiz!

Statistiques générales

  • Ce quiz a été pris 28 fois
  • Le résultat moyen est 6 sur 16

Statistiques - réponses

Réponse% Correct
Le Gendarme de Saint-Tropez
100%
La Piscine
63%
Les Sous-doués en vacances
59%
La Cage aux folles
56%
Et Dieu… créa la femme
44%
Merlin l'Enchanteur
44%
Le Viager
41%
Le Coup du parapluie
37%
L'Année des méduses
33%
Le Facteur de Saint-Tropez
26%
Mystère à Saint-Tropez
19%
Les Randonneurs à Saint-Tropez
15%
Bonjour tristesse
11%
La Collectionneuse
11%
Les Innocents aux mains sales
7%
Les Branchés à Saint-Tropez
4%

Distribution des résultats

Percentile par nombre de réponses

% des personnes avec chaque résultat

Votre développement - résultats

Vous n’avez pas pris ce quiz